000 00997nam a22002537a 4500
999 _c56725
_d56725
003 GE_BSU
005 20190421015953.0
008 190410s2005 ge ||||| |||| 00| 0 geo d
020 _a9994078658
041 _ageo
080 _a348 ჩ-59
100 _aჩიკვაიძე, დავით
_9123
245 _aსაეკლესიო სამართლის საკითხები :
_bწ.1 /
_cდავით ჩიკვაიძე ; თსუ ; საეკლესიო სამართლის კვლევითი ცენტრი.
250 _a
264 _aთბილისი :
_bბონა კაუზა,
_c2005.
300 _a150 გვ. ;
_c21 სმ.
505 _g
505 _g
653 _aსაეკლესიო სამართალი
653 _aეკლესია
710 _aთსუ
_9155
710 _aსაეკლესიო სამართლის ცენტრი.
_9157
942 _2udc
_cBK